[Event "Moscow op-B"]
[Site "Moscow"]
[Date "2009.11.20"]
[Round "1"]
[White "Motruk, Oleg"]
[Black "Senkow, Alexandr"]
[Result "0-1"]
[WhiteElo "1727"]
[BlackElo "2149"]
[PlyCount "66"]
[EventDate "2009.01.31"]
[EventType "swiss"]
[EventRounds "9"]
[EventCountry "RUS"]
[SourceTitle "EXT 2012"]
[Source "ChessBase"]
[SourceDate "2011.11.24"]
[SourceVersion "1"]
[SourceVersionDate "2011.11.24"]
[SourceQuality "1"]

1. e4 d5 2. exd5 Nf6 3. d4 Nxd5 4. c4 Nb6 5. Nf3 Bg4 6. Be2 c6 7. c5 Nd5 8. Nc3 e6 9. Ne5 Bxe2 10. Qxe2 Nd7 11. Nxd5 Nxe5 12. Qxe5 Qxd5 13. Qxd5 exd5 14. b4 Kd7 15. Be3 Be7 16. Kd2 f5 17. f4 Bf6 18. a4 Rhe8 19. Kd3 Re4 20. Rhf1 Rae8 21. Rf3 Kc7 22. h3 h5 23. g3 b6 24. Rc1 bxc5 25. Rxc5 Be7 26. Rc3 Bxb4 27. Rb3 a5 28. h4 Kd6 29. Rb2 g6 30. Rb1 Rc8 31. Rc1 c5 32. dxc5+ Bxc5 33. Rc2 Rxa4 0-1

[Event "Moscow op-B"]
[Site "Moscow"]
[Date "2009.02.08"]
[Round "9"]
[White "Zernyshkin, Vladislav"]
[Black "Senkow, Alexandr"]
[Result "1/2-1/2"]
[WhiteElo "2242"]
[BlackElo "2149"]
[PlyCount "87"]
[EventDate "2009.01.31"]
[EventType "swiss"]
[EventRounds "9"]
[EventCountry "RUS"]
[SourceTitle "EXT 2012"]
[Source "ChessBase"]
[SourceDate "2011.11.24"]
[SourceVersion "1"]
[SourceVersionDate "2011.11.24"]
[SourceQuality "1"]

1. e4 d5 2. exd5 Nf6 3. d4 Nxd5 4. Nf3 Bg4 5. Be2 e6 6. c4 Nb6 7. 0-0 c6 8. b3 N8d7 9. Bb2 Be7 10. Nbd2 Nf6 11. Ne5 Bxe2 12. Qxe2 Nbd7 13. Rad1 Qc7 14. d5 cxd5 15. cxd5 Nxd5 16. Nxd7 Qxd7 17. Bxg7 Rg8 18. Be5 Rg5 19. f4 Rg6 20. Ne4 f6 21. Bd6 f5 22. Bxe7 Qxe7 23. Qb5+ Kf8 24. Ng5 Nc3 25. Nxh7+ Kf7 26. Qe5 Nxd1 27. Rxd1 Rd8 28. Re1 Rd5 29. Ng5+ Qxg5 30. Qxd5 exd5 31. fxg5 Rxg5 32. Re5 d4 33. h3 Rg3 34. Rxf5+ Ke6 35. Rf3 Rg6 36. Rf8 Ke5 37. Re8+ Kd5 38. Kf2 Ra6 39. Kf3 Rxa2 40. h4 Rb2 41. h5 Rxb3+ 42. Kf4 Rb1 43. g4 Rh1 44. Kg3 1/2-1/2

[Event "Moscow op-B"]
[Site "Moscow"]
[Date "2009.02.03"]
[Round "4"]
[White "Senkow, Alexandr"]
[Black "Nurullin, Eldar"]
[Result "1/2-1/2"]
[WhiteElo "2149"]
[BlackElo "1400"]
[PlyCount "80"]
[EventDate "2009.01.31"]
[EventType "swiss"]
[EventRounds "9"]
[EventCountry "RUS"]
[SourceTitle "EXT 2012"]
[Source "ChessBase"]
[SourceDate "2011.11.24"]
[SourceVersion "1"]
[SourceVersionDate "2011.11.24"]
[SourceQuality "1"]

1. d4 d5 2. Nc3 c6 3. e4 dxe4 4. Nxe4 Nd7 5. Nf3 Ngf6 6. Bd3 Nxe4 7. Bxe4 Nf6 8. Bd3 Bg4 9. c3 e6 10. h3 Bh5 11. Bg5 Be7 12. h4 h6 13. Bf4 Nd5 14. Bg3 Bd6 15. Qe2 Bxg3 16. fxg3 Qc7 17. Qe5 Bxf3 18. Qxc7 Nxc7 19. gxf3 Rd8 20. Bc4 Ke7 21. Rd1 b6 22. Bb3 Nd5 23. Kf2 Rc8 24. Rhe1 Rhd8 25. Re5 Rd6 26. Rde1 Rcd8 27. f4 Nf6 28. Kf3 Nd7 29. R5e3 Kf8 30. Bc2 c5 31. dxc5 Nxc5 32. b4 Nd7 33. Bb3 Nf6 34. c4 h5 35. R1e2 Ng4 36. Rc3 Rd3+ 37. Rxd3 Rxd3+ 38. Kg2 Ne3+ 39. Kf2 Ng4+ 40. Kg2 Ne3+ 1/2-1/2